[Event "Frankfurt Ch 2010"]
[Site "Ffm-Kalbach, LAZ"]
[Date "2010.05.03"]
[Round "2.1"]
[White "Syed, Tareq"]
[Black "Poetsch, Hagen"]
[Result "1-0"]
[WhiteElo "2112"]
[BlackElo "2366"]
[PlyCount "87"]
[EventDate "2010.??.??"]
[SourceDate "2009.03.13"]
[WhiteTeam "SC Brett vor'm Kopp Ffm"]
[BlackTeam "VSG 1880 Offenbach"]

1. e4 d5 2. d3 e6 3. Nd2 Nf6 4. c3 Bc5 5. e5 Nfd7 6. d4 Bb6 7. Qg4 O-O 8. Ndf3
f5 9. Qg3 c5 10. Bd3 cxd4 11. cxd4 Ba5+ 12. Kf1 Nc6 13. Ne2 Qe7 14. a3 Bc7 15.
Nf4 Nb6 16. h4 Qf7 17. h5 Nxd4 18. Nxd4 Bxe5 19. Nf3 Bd6 20. h6 g6 21. Nh4 Qf6
22. Nhxg6 hxg6 23. h7+ Kf7 24. Qxg6+ Qxg6 25. Nxg6 Kxg6 26. h8=Q Rxh8 27. Rxh8
Kg7 28. Rh5 Bd7 29. b3 Rc8 30. Bb2+ Kg6 31. g4 Bf4 32. Ke2 e5 33. Rxf5 e4 34.
Rxf4 Kg5 35. Rf7 Bxg4+ 36. Kd2 exd3 37. Kxd3 Bf5+ 38. Ke3 Re8+ 39. Kd2 Bg6 40.
f4+ Kh4 41. Rh1+ Kg4 42. Rg1+ Kf3 43. Rxg6 Re2+ 44. Kc1 1-0

[Event "Frankfurt Ch 2010"]
[Site "Ffm-Kalbach, LAZ"]
[Date "2010.05.03"]
[Round "2.2"]
[White "Reschke, Stefan"]
[Black "Wagner, Dirk"]
[Result "1-0"]
[WhiteElo "2370"]
[BlackElo "1935"]
[PlyCount "119"]
[EventDate "2010.??.??"]
[SourceDate "2009.03.13"]
[WhiteTeam "VSG 1880 Offenbach"]
[BlackTeam "Sfr. Frankfurt 1921"]

1. c4 e5 2. g3 Nf6 3. Bg2 Nc6 4. Nc3 g6 5. Nf3 Bg7 6. d4 d6 7. dxe5 Nxe5 8.
Nxe5 dxe5 9. Qxd8+ Kxd8 10. Bg5 c6 11. Ne4 Ke7 12. Nc5 h6 13. Bd2 Nd7 14. Nb3
Re8 15. Bb4+ Kf6 16. Nd2 Bf8 17. Ne4+ Kg7 18. Bxf8+ Nxf8 19. Nd6 Re7 20. O-O-O
Rb8 21. b3 Ne6 22. Bh3 f5 23. e4 Ng5 24. Bg2 Nxe4 25. Bxe4 fxe4 26. h3 Be6 27.
Nxe4 Rf8 28. Rd2 a5 29. Kb2 a4 30. Re2 axb3 31. axb3 b5 32. cxb5 cxb5 33. Nc5
Bd5 34. Rhe1 e4 35. Rd1 Bc6 36. Kc3 Rf3+ 37. Kb4 e3 38. Rde1 h5 39. Rxe3 Rexe3
40. Rxe3 Rxf2 41. Ne6+ Kf6 42. Nd4 Bd7 43. h4 g5 44. hxg5+ Kxg5 45. Nxb5 Kg4
46. Nd4 Rg2 47. Re7 Bc8 48. Rc7 Ba6 49. Rg7+ Kh3 50. Rg5 Rxg3 51. Rxh5+ Kg2 52.
Nf5 Rg8 53. Rh6 Bb7 54. Rf6 Rg4+ 55. Kc5 Rf4 56. Ne3+ Kf3 57. Rxf4+ Kxf4 58.
Nc4 Bg2 59. b4 Kf5 60. Ne3+ 1-0

[Event "Frankfurt Ch 2010"]
[Site "Ffm-Kalbach, LAZ"]
[Date "2010.05.03"]
[Round "2.3"]
[White "Ellrich, Jochen"]
[Black "Wahedi, Ahmad Siar"]
[Result "0-1"]
[WhiteElo "2080"]
[BlackElo "2298"]
[PlyCount "74"]
[EventDate "2010.??.??"]
[SourceDate "2009.03.13"]
[WhiteTeam "SK Bad Homburg 1927"]
[BlackTeam "SC Steinbach"]

1. d4 d5 2. Nc3 e6 3. e4 Bb4 4. exd5 exd5 5. Bd3 c5 6. dxc5 Nf6 7. Nf3 O-O 8.
O-O h6 9. Bf4 Bxc5 10. Qd2 Re8 11. Bxh6 gxh6 12. Qxh6 Bf8 13. Qg5+ Bg7 14. Rfe1
Nc6 15. Rxe8+ Nxe8 16. Re1 Be6 17. Qg3 Qd6 18. Qh4 Nf6 19. Ng5 Re8 20. Nh7 Nxh7
21. Bxh7+ Kf8 22. f4 Nd4 23. Qg5 f6 24. Qh5 Bf7 25. Rxe8+ Kxe8 26. Bg6 Bxg6 27.
Qxg6+ Kf8 28. Qg4 f5 29. Qd1 b5 30. g3 b4 31. Na4 Qe7 32. c3 Qe3+ 33. Kg2 Qe4+
34. Kh3 Ne2 35. Nc5 Qf3 36. Ne6+ Ke7 37. Nxg7 Nxf4+ 0-1

[Event "Frankfurt Ch 2010"]
[Site "Ffm-Kalbach, LAZ"]
[Date "2010.05.03"]
[Round "2.4"]
[White "Seifert, Norbert"]
[Black "Zuyev, Igor"]
[Result "0-1"]
[WhiteElo "2054"]
[BlackElo "2329"]
[PlyCount "32"]
[EventDate "2010.??.??"]
[SourceDate "2009.03.13"]
[WhiteTeam "Sfr. Neuberg"]
[BlackTeam "SC Ladja Roßdorf"]

1. d4 Nf6 2. Nf3 e6 3. e3 c5 4. Bd3 d5 5. c3 Be7 6. Nbd2 O-O 7. O-O b6 8. dxc5
bxc5 9. e4 Nc6 10. e5 Ng4 11. Qe2 Qc7 12. Re1 c4 13. Bc2 Bc5 14. Bxh7+ Kh8 15.
Nd4 f5 16. exf6 Qxh2+ 0-1

[Event "Frankfurt Ch 2010"]
[Site "Ffm-Kalbach, LAZ"]
[Date "2010.05.03"]
[Round "2.5"]
[White "Solonar, Stefan"]
[Black "Hierling, Stefan"]
[Result "1/2-1/2"]
[WhiteElo "2338"]
[BlackElo "2059"]
[PlyCount "58"]
[EventDate "2010.??.??"]
[SourceDate "2009.03.13"]
[WhiteTeam "SC Heusenstamm"]
[BlackTeam "SK 1927 Dieburg"]

1. c4 e5 2. Nc3 Nf6 3. Nf3 d6 4. d4 exd4 5. Nxd4 Be7 6. e4 Bd7 7. Be2 Nc6 8.
Be3 Nxd4 9. Bxd4 Bc6 10. f3 Nd7 11. b4 b6 12. O-O Bf6 13. Nd5 Bxd4+ 14. Qxd4
O-O 15. f4 Re8 16. Bf3 Rc8 17. Rae1 Nf8 18. e5 dxe5 19. Rxe5 Rxe5 20. Qxe5 Ng6
21. Qf5 Bd7 22. Qe4 c6 23. Nc3 Qf6 24. Ne2 Re8 25. Qd3 Qe7 26. Rd1 Nf8 27. a3
g6 28. Kf2 Qh4+ 29. Kg1 Qe7 1/2-1/2

[Event "Frankfurt Ch 2010"]
[Site "Ffm-Kalbach, LAZ"]
[Date "2010.05.03"]
[Round "2.6"]
[White "Isserman, Ryhor"]
[Black "Henzelmann, Klaus"]
[Result "1-0"]
[WhiteElo "2296"]
[BlackElo "2101"]
[PlyCount "49"]
[EventDate "2010.??.??"]
[SourceDate "2009.03.13"]
[WhiteTeam "SK Bad Homburg 1927"]
[BlackTeam "SK 1858 Gießen"]

1. e4 g6 2. d4 d6 3. Nf3 Bg7 4. Bc4 Nf6 5. Qe2 O-O 6. O-O c6 7. Bb3 d5 8. e5
Ne8 9. h3 b6 10. Re1 Ba6 11. Qe3 Nc7 12. c3 Ne6 13. a4 Nd7 14. Na3 Re8 15. Bd2
Ndf8 16. c4 Bb7 17. cxd5 cxd5 18. a5 f6 19. Ba4 Nd7 20. a6 Bxa6 21. Bc6 Ndf8
22. Qb3 Bc4 23. Nxc4 dxc4 24. Qxc4 fxe5 25. Bd5 1-0

[Event "Frankfurt Ch 2010"]
[Site "Ffm-Kalbach, LAZ"]
[Date "2010.05.03"]
[Round "2.7"]
[White "Poetsch, Gero"]
[Black "Guth, Thomas"]
[Result "0-1"]
[WhiteElo "2015"]
[BlackElo "2282"]
[PlyCount "64"]
[EventDate "2010.??.??"]
[SourceDate "2009.03.13"]
[WhiteTeam "SC Nidderau"]
[BlackTeam "SC Rotation Pankow"]

1. e4 e6 2. d4 d5 3. e5 c5 4. c3 Qb6 5. Nf3 Bd7 6. Be2 Bb5 7. c4 Bxc4 8. Bxc4
dxc4 9. d5 exd5 10. Qxd5 Ne7 11. Qxc4 Qb4+ 12. Nbd2 Nbc6 13. b3 Nf5 14. O-O
Qxc4 15. bxc4 Be7 16. Bb2 O-O-O 17. a4 Rd3 18. a5 Nh4 19. Ra3 Rhd8 20. Rxd3
Rxd3 21. Ra1 Nxf3+ 22. Nxf3 Rb3 23. Bc1 Rc3 24. a6 Rxc4 25. axb7+ Kxb7 26. Bb2
a5 27. Kf1 Rc2 28. Rb1 Nb4 29. Bc1 Kc6 30. Ne1 Ra2 31. f4 c4 32. Be3 Nd5 0-1

[Event "Frankfurt Ch 2010"]
[Site "Ffm-Kalbach, LAZ"]
[Date "2010.05.03"]
[Round "2.8"]
[White "Rapoport, Vladimir"]
[Black "Faqiry, Ramat"]
[Result "1-0"]
[WhiteElo "2303"]
[BlackElo "1977"]
[PlyCount "103"]
[EventDate "2010.??.??"]
[SourceDate "2009.03.13"]
[WhiteTeam "SC Heusenstamm"]
[BlackTeam "SK Bad Homburg 1927"]

1. Nf3 d5 2. g3 Nf6 3. Bg2 g6 4. d3 Bg7 5. Nbd2 O-O 6. O-O c5 7. e4 Nc6 8. Re1
e6 9. c3 b6 10. e5 Nd7 11. d4 Ba6 12. Bf1 Bxf1 13. Nxf1 h6 14. h4 Rc8 15. Ne3
f5 16. exf6 Qxf6 17. Kg2 cxd4 18. Ng4 Qxf3+ 19. Qxf3 Rxf3 20. Kxf3 dxc3 21.
Bxh6 Nd4+ 22. Kg2 Nc2 23. Bxg7 Kxg7 24. bxc3 Nxa1 25. Rxa1 Rxc3 26. Re1 Rc6 27.
Re2 d4 28. Rd2 Rd6 29. f4 b5 30. Kf3 a5 31. Ne5 Nc5 32. g4 a4 33. Nd3 Nxd3 34.
Rxd3 b4 35. Ke4 a3 36. Ke5 Rd8 37. Kxe6 Re8+ 38. Kd5 Re2 39. Rxd4 Rxa2 40. Rxb4
Rh2 41. Rb7+ Kf6 42. Rb6+ Kg7 43. g5 a2 44. Rb7+ Kf8 45. Ra7 Rxh4 46. Ke5 Rh7
47. Ra8+ Kg7 48. Rxa2 Rh4 49. Ra7+ Kg8 50. f5 gxf5 51. Kf6 Rg4 52. g6 1-0

[Event "Frankfurt Ch 2010"]
[Site "Ffm-Kalbach, LAZ"]
[Date "2010.05.03"]
[Round "2.9"]
[White "Gutacker, Stephan"]
[Black "Wege, Jochen"]
[Result "0-1"]
[WhiteElo "1936"]
[BlackElo "2277"]
[PlyCount "90"]
[EventDate "2010.??.??"]
[SourceDate "2009.03.13"]
[WhiteTeam "Sfr.1932 Kelkheim"]
[BlackTeam "SC Brett vor'm Kopp Ffm"]

1. e4 c5 2. d4 cxd4 3. c3 d3 4. Bxd3 d6 5. Bc4 e6 6. Nf3 Qc7 7. Qe2 Nc6 8. O-O
Be7 9. Na3 a6 10. Bb3 Nf6 11. Nd4 Bd7 12. Nxc6 Bxc6 13. f3 O-O 14. Be3 Kh8 15.
Nc2 Bb5 16. c4 Bd7 17. Qf2 b5 18. cxb5 axb5 19. Rfc1 Qb7 20. Ne1 Rg8 21. Rc2 g5
22. h3 Rg7 23. Rac1 Rag8 24. Rc7 Qb8 25. Qd2 h5 26. g4 Qe8 27. Ra7 hxg4 28.
hxg4 Bf8 29. Rcc7 e5 30. Qa5 Rh7 31. Ra8 Qe7 32. a4 bxa4 33. Bxa4 Qe6 34. Bxd7
Nxd7 35. Raa7 Nf6 36. Qa2 d5 37. exd5 Nxd5 38. Rd7 Qh6 39. Kf2 Nxe3 40. Kxe3
Bc5+ 41. Kd2 Bxa7 42. Qxa7 Qc6 43. Nd3 Qxf3 44. Nxe5 Rh2+ 45. Kc1 Qh1+ 0-1

[Event "Frankfurt Ch 2010"]
[Site "Ffm-Kalbach, LAZ"]
[Date "2010.05.03"]
[Round "2.10"]
[White "Chandler, Patrick"]
[Black "Janke, Christian"]
[Result "1-0"]
[WhiteElo "2265"]
[BlackElo "1859"]
[PlyCount "91"]
[EventDate "2010.??.??"]
[SourceDate "2009.03.13"]
[WhiteTeam "VSG 1880 Offenbach"]
[BlackTeam "SV Spr.Siershahn"]

1. e4 d5 2. Nc3 d4 3. Nce2 e5 4. f4 exf4 5. Nf3 Bg4 6. Nexd4 Bc5 7. Nb3 Bxf3 8.
Qxf3 Qh4+ 9. g3 fxg3 10. hxg3 Qe7 11. Nxc5 Qxc5 12. c3 Ne7 13. d4 Qb6 14. Bg2
Nd7 15. O-O f6 16. Rf2 O-O-O 17. b4 h5 18. a4 g5 19. a5 Qc6 20. Rb1 g4 21. Qe3
Qd6 22. c4 h4 23. e5 fxe5 24. Qe4 c6 25. Bg5 hxg3 26. Re2 Rde8 27. b5 Ng6 28.
bxc6 bxc6 29. d5 Nf4 30. dxc6 Qc5+ 31. Re3 Nh3+ 32. Bxh3 gxh3 33. cxd7+ Kxd7
34. Qb7+ Ke6 35. Qd5+ Qxd5 36. cxd5+ Kxd5 37. Rd1+ Kc6 38. Rxg3 Reg8 39. Kh1
Rh5 40. Rc3+ Kb7 41. Rd7+ Ka6 42. Be3 Ra8 43. Rb3 Rhh8 44. Rd6+ Kxa5 45. Bd2+
Ka4 46. Rb4+ 1-0

[Event "Frankfurt Ch 2010"]
[Site "Ffm-Kalbach, LAZ"]
[Date "2010.05.03"]
[Round "2.11"]
[White "Uwira, Oliver"]
[Black "Geringer, Waldemar"]
[Result "1-0"]
[WhiteElo "2230"]
[BlackElo "1949"]
[PlyCount "73"]
[EventDate "2010.??.??"]
[SourceDate "2009.03.13"]
[WhiteTeam "SC 1961 König Nied"]
[BlackTeam "SC 1950 Eppertshausen"]

1. d4 Nf6 2. c4 g6 3. Nc3 Bg7 4. e4 d6 5. f4 O-O 6. Nf3 Nbd7 7. Be3 e5 8. fxe5
dxe5 9. d5 Re8 10. Bd3 Qe7 11. Qe2 Nc5 12. Bc2 a5 13. O-O Ng4 14. Bg5 f6 15.
Bd2 Bd7 16. h3 Nh6 17. Rae1 Nf7 18. Qf2 Na6 19. a3 Nd6 20. c5 Nb5 21. d6 cxd6
22. Bb3+ Kh8 23. Nd5 Qd8 24. cxd6 Nxd6 25. Nb6 Bb5 26. Nxa8 Bxf1 27. Kxf1 Qxa8
28. Qb6 Qd8 29. Bxa5 Qxb6 30. Bxb6 Rc8 31. Bd5 Rc2 32. Re2 Rc1+ 33. Ne1 Bh6 34.
Rc2 f5 35. Rxc1 Bxc1 36. Nd3 Nc8 37. Bd8 1-0

[Event "Frankfurt Ch 2010"]
[Site "Ffm-Kalbach, LAZ"]
[Date "2010.05.03"]
[Round "2.12"]
[White "Kulenovic, Adnan"]
[Black "Prudlo, Simon"]
[Result "0-1"]
[WhiteElo "1799"]
[BlackElo "2251"]
[PlyCount "72"]
[EventDate "2010.??.??"]
[SourceDate "2009.03.13"]
[WhiteTeam "SK Springer Rodenbach"]
[BlackTeam "SC Heusenstamm"]

1. e4 e6 2. d4 d5 3. Be3 dxe4 4. f3 Nh6 5. Qd2 Nf5 6. fxe4 Nxe3 7. Qxe3 c5 8.
Nf3 cxd4 9. Qxd4 Bd7 10. Bd3 Nc6 11. Qe3 Qa5+ 12. Nbd2 Bc5 13. Qg5 O-O 14.
O-O-O f6 15. Qh5 Be8 16. Qh3 Qxa2 17. c3 Be3 18. Rhe1 Bh6 19. g4 Nb4 20. Bb1
Qa6 21. g5 fxg5 22. Nd4 g4 23. Qxg4 Ba4 24. Qxe6+ Qxe6 25. Nxe6 Rf2 26. cxb4
Rc8+ 27. Nc5 Bxd1 28. Ba2+ Kf8 29. Rxd1 b6 30. Kc2 bxc5 31. b5 Rd8 32. Bd5 Rxh2
33. Kc3 Rxd2 34. Rxd2 Bxd2+ 35. Kxd2 Ke7 36. Kc3 Rxd5 0-1

[Event "Frankfurt Ch 2010"]
[Site "Ffm-Kalbach, LAZ"]
[Date "2010.05.03"]
[Round "2.13"]
[White "Röschlau, Bernd"]
[Black "Biegel, Thomas"]
[Result "1-0"]
[WhiteElo "2226"]
[BlackElo "2021"]
[PlyCount "79"]
[EventDate "2010.??.??"]
[SourceDate "2009.03.13"]
[WhiteTeam "SC Brett vor'm Kopp Ffm"]
[BlackTeam "SC Eschborn 1974"]

1. e4 c6 2. d4 d5 3. Nc3 dxe4 4. Nxe4 Bf5 5. Ng3 Bg6 6. Bc4 e6 7. N1e2 Bd6 8.
O-O Qc7 9. f4 Ne7 10. Bb3 O-O 11. c4 b6 12. Be3 Nf5 13. Nxf5 Bxf5 14. Ng3 Nd7
15. Rc1 Nf6 16. Qf3 Rfe8 17. h3 Rad8 18. Bd2 a5 19. Ba4 Rf8 20. Bc3 c5 21. d5
Be7 22. Rcd1 Qc8 23. Be5 Ne8 24. Nxf5 exf5 25. Rfe1 Bd6 26. Bc3 Qc7 27. Re2 g6
28. g4 fxg4 29. hxg4 f6 30. Rde1 Ng7 31. Kg2 f5 32. g5 Nh5 33. Be5 Rf7 34. Rh1
Nxf4+ 35. Qxf4 Bxe5 36. Rxe5 Rdf8 37. Rhe1 Qd6 38. Kf3 Qc7 39. Re6 Qd8 40. b3
1-0

[Event "Frankfurt Ch 2010"]
[Site "Ffm-Kalbach, LAZ"]
[Date "2010.05.03"]
[Round "2.14"]
[White "Funkschmidt, Kai Michael"]
[Black "Kaliski, Erwin"]
[Result "1-0"]
[WhiteElo "1821"]
[BlackElo "2266"]
[PlyCount "57"]
[EventDate "2010.??.??"]
[SourceDate "2009.03.13"]
[WhiteTeam "SC Empor Maulwurf Bonn"]
[BlackTeam "SC Bad Nauheim"]

1. c4 d6 2. Nc3 e5 3. g3 Nc6 4. Bg2 f5 5. d3 Nf6 6. e4 Be7 7. Nge2 O-O 8. O-O
Qe8 9. Nd5 Bd8 10. a3 Qg6 11. exf5 Bxf5 12. d4 Bc2 13. Qd2 Be4 14. dxe5 Bxg2
15. Nef4 Qe4 16. Re1 Qxc4 17. exf6 Bxd5 18. Qxd5+ Qxd5 19. Nxd5 Bxf6 20. Nxc7
Bd4 21. Re2 Rxf2 22. Rxf2 Rf8 23. Bf4 g5 24. Ne6 Bxf2+ 25. Kxf2 gxf4 26. Nxf8
fxg3+ 27. hxg3 Kxf8 28. Rd1 Ke7 29. Rh1 1-0

[Event "Frankfurt Ch 2010"]
[Site "Ffm-Kalbach, LAZ"]
[Date "2010.05.03"]
[Round "2.15"]
[White "Engel, Berthold"]
[Black "Thomele, Michael"]
[Result "1/2-1/2"]
[WhiteElo "2226"]
[BlackElo "1827"]
[PlyCount "43"]
[EventDate "2010.??.??"]
[SourceDate "2009.03.13"]
[WhiteTeam "SC Brett vor'm Kopp Ffm"]
[BlackTeam "SC 1959 Obernau"]

1. e4 e5 2. Nf3 Nc6 3. Bb5 Nf6 4. d3 Ne7 5. Bc4 Ng6 6. Ng5 d5 7. exd5 h6 8.
Bb5+ Bd7 9. Bxd7+ Qxd7 10. Nf3 Qxd5 11. Nc3 Bb4 12. Bd2 Bxc3 13. Bxc3 O-O 14.
O-O Rfe8 15. Nd2 Nh4 16. f3 Nf5 17. Rf2 Re6 18. Ne4 Rae8 19. Qd2 Nd4 20. Nxf6+
Rxf6 21. Re1 Nb5 22. Rfe2 1/2-1/2

[Event "Frankfurt Ch 2010"]
[Site "Ffm-Kalbach, LAZ"]
[Date "2010.05.03"]
[Round "2.16"]
[White "Braunberger, Gerald"]
[Black "Heidel, Andre Nicolas"]
[Result "0-1"]
[WhiteElo "1902"]
[BlackElo "2152"]
[PlyCount "70"]
[EventDate "2010.??.??"]
[SourceDate "2009.03.13"]
[WhiteTeam "Chess Tigers SFV"]
[BlackTeam "Ratinger SK 1950"]

1. c4 c6 2. g3 d5 3. Bg2 Nf6 4. Nf3 dxc4 5. O-O e6 6. Qc2 b5 7. a4 Bb7 8. b3
cxb3 9. Qxb3 b4 10. d4 a5 11. Bb2 Be7 12. Nbd2 O-O 13. Rac1 Nbd7 14. Rfd1 c5
15. Nc4 Qb8 16. Ne3 Rc8 17. Ne5 Bxg2 18. Kxg2 Qb7+ 19. f3 cxd4 20. Bxd4 Rxc1
21. Rxc1 Nxe5 22. Bxe5 Rc8 23. Rxc8+ Qxc8 24. Bxf6 Bxf6 25. Nc4 Qc5 26. Qd3 h6
27. Qb3 Bc3 28. Kf1 Qd5 29. Kf2 Kh8 30. e4 Qd3 31. Nxa5 Qd2+ 32. Kg1 Qe1+ 33.
Kg2 Qe2+ 34. Kh3 Qf1+ 35. Kg4 h5+ 0-1

[Event "Frankfurt Ch 2010"]
[Site "Ffm-Kalbach, LAZ"]
[Date "2010.05.03"]
[Round "2.17"]
[White "Schwenkreis, Thomas"]
[Black "Goldt, Rainer"]
[Result "1-0"]
[WhiteElo "2092"]
[BlackElo "1824"]
[PlyCount "120"]
[EventDate "2010.??.??"]
[SourceDate "2009.03.13"]
[WhiteTeam "SC Brett vor'm Kopp Ffm"]
[BlackTeam "Kreuznacher SV 1921"]

1. e4 c6 2. d4 d5 3. e5 c5 4. dxc5 Nc6 5. Bb5 a6 6. Ba4 e6 7. Be3 Qc7 8. Nf3
Bd7 9. c3 Nge7 10. O-O Ng6 11. Bxc6 Bxc6 12. Qd4 Be7 13. Nbd2 O-O 14. Rfe1 f6
15. exf6 Bxf6 16. Qg4 Rae8 17. Bg5 e5 18. Qh5 e4 19. Nd4 Re5 20. f4 Bxg5 21.
fxg5 Nf4 22. Qh4 Qe7 23. Rf1 Nd3 24. Rxf8+ Qxf8 25. b4 e3 26. N2f3 Re4 27. Qg3
e2 28. h3 Re3 29. Qh4 Qe8 30. Ne1 Re4 31. Qg3 Re3 32. Qd6 Re4 33. Nxd3 Rxd4 34.
cxd4 Qe3+ 35. Kh2 Qxd3 36. Re1 Qe4 37. Qe5 Qxe5+ 38. dxe5 Bb5 39. Kg3 d4 40.
Kf3 d3 41. Ke3 Kf7 42. Kd2 Ke6 43. a4 Bxa4 44. Kxd3 Bb5+ 45. Ke4 Bc6+ 46. Kd4
Bb5 47. g4 Ke7 48. h4 Ke6 49. Ke4 Bc6+ 50. Kf4 Bb5 51. Ke4 Bc6+ 52. Kd4 Bb5 53.
h5 Ke7 54. Ke4 Ke6 55. Kf4 g6 56. Ke4 Bc6+ 57. Kd4 Bb5 58. h6 Ke7 59. Rg1 Ke6
60. Rc1 Kd7 1-0

[Event "Frankfurt Ch 2010"]
[Site "Ffm-Kalbach, LAZ"]
[Date "2010.05.03"]
[Round "2.18"]
[White "Hitzer, Dieter"]
[Black "Reschke, Thomas"]
[Result "1/2-1/2"]
[WhiteElo "1799"]
[BlackElo "2184"]
[PlyCount "65"]
[EventDate "2010.??.??"]
[SourceDate "2009.03.13"]
[WhiteTeam "Bad Vilbeler Sfr.1985"]
[BlackTeam "SC Frankfurt-West"]

1. Nf3 g6 2. c4 Bg7 3. e4 d6 4. d4 e5 5. dxe5 dxe5 6. Qxd8+ Kxd8 7. Nc3 c6 8.
Be3 Kc7 9. O-O-O f6 10. Be2 Bh6 11. Bxh6 Nxh6 12. h3 Be6 13. Rd2 Nf7 14. Rhd1
Nd7 15. Nh2 h5 16. Nf1 Nc5 17. Ne3 Rad8 18. Nc2 Ng5 19. f3 Bc8 20. b4 Nce6 21.
h4 Nf7 22. c5 b6 23. cxb6+ axb6 24. g3 g5 25. b5 gxh4 26. gxh4 Bb7 27. Bc4 Rxd2
28. Rxd2 Nfd8 29. bxc6 Bxc6 30. Bd5 Nf4 31. Ne3 Bd7 32. Bc4 Bc6 33. Bd5 1/2-1/2

[Event "Frankfurt Ch 2010"]
[Site "Ffm-Kalbach, LAZ"]
[Date "2010.05.03"]
[Round "2.19"]
[White "Holzschuh, Gerald"]
[Black "Winand, Edgar"]
[Result "1-0"]
[WhiteElo "2139"]
[BlackElo "1989"]
[PlyCount "75"]
[EventDate "2010.??.??"]
[SourceDate "2009.03.13"]
[WhiteTeam "SC Bad Nauheim"]
[BlackTeam "SC KT Oberursel"]

1. e4 d6 2. d4 g6 3. c4 Bg7 4. Nc3 Nc6 5. d5 Nd4 6. Be3 e5 7. Nge2 f5 8. Nxd4
f4 9. Nc2 fxe3 10. Nxe3 Bh6 11. Qd3 Nf6 12. Be2 O-O 13. h3 Bd7 14. Rd1 Qe7 15.
c5 Rae8 16. c6 bxc6 17. dxc6 Bxc6 18. Qc4+ Kh8 19. Qxc6 Bxe3 20. fxe3 Nh5 21.
Kd2 Ng3 22. Rhe1 Rf2 23. Kc1 Rxg2 24. Bc4 Rf8 25. Rg1 Rxg1 26. Rxg1 Qg5 27. Re1
Qh4 28. Rd1 Qxh3 29. Qxc7 Nxe4 30. Nxe4 Qxe3+ 31. Nd2 Rf4 32. Qd8+ Kg7 33. Qe7+
Kh8 34. Qe8+ Kg7 35. Qe7+ Kh8 36. Qe6 Rf8 37. Qxd6 Rc8 38. Qf6# 1-0

[Event "Frankfurt Ch 2010"]
[Site "Ffm-Kalbach, LAZ"]
[Date "2010.05.03"]
[Round "2.20"]
[White "Ottenburg, Ralph"]
[Black "Czech, Ludwig"]
[Result "1/2-1/2"]
[WhiteElo "1920"]
[BlackElo "2160"]
[PlyCount "153"]
[EventDate "2010.??.??"]
[SourceDate "2009.03.13"]
[WhiteTeam "Sfr. Frankfurt 1921"]
[BlackTeam "VSG 1880 Offenbach"]

1. d4 f5 2. e4 fxe4 3. Nc3 Nf6 4. Bg5 c6 5. Bxf6 exf6 6. Nxe4 d5 7. Ng3 Bd6 8.
Bd3 O-O 9. Qh5 Qe8+ 10. Qxe8 Rxe8+ 11. N1e2 b6 12. Nf5 Bf8 13. Kd2 Ba6 14. Rhe1
Bxd3 15. Kxd3 Nd7 16. a3 g6 17. Ne3 Re7 18. Nc3 Rae8 19. Re2 f5 20. Rae1 Kf7
21. Na2 Bh6 22. Nb4 Nb8 23. c3 a5 24. Nbc2 Nd7 25. Nd1 c5 26. Rxe7+ Rxe7 27.
Rxe7+ Kxe7 28. b4 axb4 29. axb4 Kd6 30. bxc5+ bxc5 31. g3 c4+ 32. Ke2 Nb6 33.
f3 Na4 34. Nb4 Ke6 35. h3 Bf8 36. Nc6 Ba3 37. Kd2 Bd6 38. f4 g5 39. Ne5 gxf4
40. gxf4 Be7 41. Ne3 Bd6 42. Nd1 Nb6 43. Ne3 Bc7 44. Ng2 Bd6 45. Ne3 Na8 46.
Ng2 Nc7 47. Ne3 Ne8 48. Ng2 Nf6 49. Nf3 Ne4+ 50. Kc2 h6 51. Ng1 Bc7 52. Ne2 Bd8
53. Ng1 Nf2 54. Kd2 Bc7 55. Kc2 Nd3 56. Ne2 Kf6 57. Kd2 Nf2 58. Ng1 Kg6 59. Kc2
Kf6 60. Kd2 Ba5 61. Kc2 Ke6 62. Ne3 Ne4 63. Ne2 Bd8 64. Ng2 Be7 65. Kc1 Nf2 66.
h4 Bd8 67. h5 Be7 68. Kc2 Nd3 69. Kb1 Kf6 70. Kc2 Ke6 71. Kb1 Nf2 72. Kc2 Ne4
73. Kb2 Bd8 74. Kc2 Nf6 75. Ng3 Bc7 76. Kb2 Ng4 77. Ne2 1/2-1/2

[Event "Frankfurt Ch 2010"]
[Site "Ffm-Kalbach, LAZ"]
[Date "2010.05.03"]
[Round "2.21"]
[White "Benninger, Rudolf"]
[Black "Kripfganz, Sebastian"]
[Result "0-1"]
[WhiteElo "2140"]
[BlackElo "2002"]
[PlyCount "115"]
[EventDate "2010.??.??"]
[SourceDate "2009.03.13"]
[WhiteTeam "SC Heusenstamm"]
[BlackTeam "SG Turm Leipzig"]

1. e4 c5 2. c3 d5 3. exd5 Qxd5 4. d4 Nc6 5. Nf3 Bg4 6. Be2 cxd4 7. cxd4 e6 8.
Nc3 Qa5 9. h3 Bh5 10. O-O Nf6 11. Be3 Be7 12. Qb3 Qb4 13. g4 Qxb3 14. axb3 Bg6
15. Ne5 O-O 16. g5 Nd5 17. Nxd5 exd5 18. Rfc1 f6 19. Nxc6 bxc6 20. Rxc6 fxg5
21. Rc7 Bf6 22. Raxa7 Rxa7 23. Rxa7 Rb8 24. Ra5 Rxb3 25. Rb5 Rxb5 26. Bxb5 Bf5
27. Kg2 Kf7 28. Be2 h6 29. Kg3 Ke6 30. Bf1 Bd8 31. f3 Bc2 32. Ba6 Kd7 33. Kf2
Bf5 34. Bf1 Bc2 35. Ke2 Ba4 36. Kd2 Ba5+ 37. Kc1 Bb3 38. Bd3 Bc7 39. Bc2 Bc4
40. Bf5+ Kc6 41. Kc2 Be2 42. Bg4 Ba5 43. f4 Bxg4 44. hxg4 gxf4 45. Bxf4 Bc7 46.
Bd2 Bd6 47. Kd3 Bf8 48. Ke3 g6 49. Kf4 Bd6+ 50. Kf3 h5 51. Bg5 Kb5 52. Bf6 Kc4
53. Be5 Be7 54. gxh5 gxh5 55. Kf4 Bd8 56. Kf5 Bb6 57. Kg5 Bxd4 58. b3+ {ZÜ} 0-1

[Event "Frankfurt Ch 2010"]
[Site "Ffm-Kalbach, LAZ"]
[Date "2010.05.03"]
[Round "2.22"]
[White "Kabir, Rezaul"]
[Black "Machowitsch, Wolf"]
[Result "1/2-1/2"]
[WhiteElo "2083"]
[BlackElo "1987"]
[PlyCount "64"]
[EventDate "2010.??.??"]
[SourceDate "2009.03.13"]
[WhiteTeam "Sfr. Frankfurt 1921"]
[BlackTeam "SV 1934 Ffm-Griesheim"]

1. e4 e6 2. d4 d5 3. Nc3 Nf6 4. e5 Nfd7 5. f4 c5 6. Nf3 Nc6 7. Be3 cxd4 8. Nxd4
Bc5 9. Qd2 a6 10. O-O-O Nxd4 11. Bxd4 Bxd4 12. Qxd4 Qc7 13. g4 b5 14. Bg2 Bb7
15. f5 Rc8 16. Rhe1 Qc4 17. Bf1 Qxd4 18. Rxd4 Nb6 19. a4 bxa4 20. Nxa4 Nc4 21.
Bd3 Ke7 22. b3 Na5 23. Rb4 Rc7 24. Rb6 Rhc8 25. Kb2 Rc6 26. Rb4 R6c7 27. Rf4
Nc6 28. f6+ gxf6 29. exf6+ Kd6 30. g5 Ne5 31. Rf2 Nxd3+ 32. cxd3 Bc6 1/2-1/2

[Event "Frankfurt Ch 2010"]
[Site "Ffm-Kalbach, LAZ"]
[Date "2010.05.03"]
[Round "2.23"]
[White "Zimmer, Gerald"]
[Black "Stadtmueller, Harald"]
[Result "1-0"]
[WhiteElo "1779"]
[BlackElo "2163"]
[PlyCount "109"]
[EventDate "2010.??.??"]
[SourceDate "2009.03.13"]
[WhiteTeam "SC Bergen-Enkheim 1922"]
[BlackTeam "VSG 1880 Offenbach"]

1. d4 g6 2. c4 Bg7 3. Nc3 d6 4. e4 e5 5. dxe5 Bxe5 6. Qc2 Nc6 7. Nf3 Bg7 8. Bg5
Bf6 9. Bxf6 Nxf6 10. Be2 Bg4 11. O-O-O Bxf3 12. Bxf3 Ne5 13. Rhe1 Nxf3 14. gxf3
O-O 15. e5 Ne8 16. f4 Qh4 17. Qe4 dxe5 18. fxe5 Qxe4 19. Nxe4 Ng7 20. Rd7 Ne6
21. Red1 h6 22. Kc2 Rfd8 23. Rxd8+ Rxd8 24. Rxd8+ Nxd8 25. Nf6+ Kf8 26. Kd3 Ne6
27. Ke4 Ng5+ 28. Ke3 h5 29. Kf4 Ne6+ 30. Ke4 Ke7 31. f4 Nc5+ 32. Kd4 Ne6+ 33.
Ke4 c6 34. Ng8+ Kf8 35. Nf6 Ng7 36. Nd7+ Ke7 37. Nf6 Ke6 38. Nh7 Nf5 39. Nf6
Nh6 40. h3 Nf5 41. Ne8 Ke7 42. Nf6 a5 43. b3 Ng7 44. Ng8+ Ke6 45. Nf6 Nf5 46.
Ne8 h4 47. c5 Ng3+ 48. Kf3 Kd5 49. Nd6 Kxc5 50. Nxf7 Nf5 51. Nh8 Ne7 52. Kg4
Kb4 53. Kg5 Ka3 54. Nxg6 Ng8 55. f5 1-0

[Event "Frankfurt Ch 2010"]
[Site "Ffm-Kalbach, LAZ"]
[Date "2010.05.03"]
[Round "2.25"]
[White "Haftmann, Rainer"]
[Black "Bösch, Dirk"]
[Result "0-1"]
[WhiteElo "1881"]
[BlackElo "2059"]
[PlyCount "44"]
[EventDate "2010.??.??"]
[SourceDate "2009.03.13"]
[WhiteTeam "SG 1945 Dietzenbach"]
[BlackTeam "SC Brett vor'm Kopp Ffm"]

1. e4 g6 2. d4 c6 3. Nf3 d5 4. e5 Bg4 5. h3 Bxf3 6. Qxf3 Bg7 7. Qb3 Qc7 8. Be2
e6 9. O-O Ne7 10. Nd2 O-O 11. Nf3 c5 12. dxc5 Nd7 13. Be3 Nxe5 14. Nxe5 Bxe5
15. f4 Bg7 16. Bd3 Rfd8 17. c3 d4 18. cxd4 Bxd4 19. Bxd4 Rxd4 20. Qc2 Rad8 21.
Rad1 Nd5 22. Qd2 Nb4 0-1